000 00272nam a2200097Ia 4500
001 690033
005 20250826161808.0
008 250824s9999 xx 000 0 und d
245 0 _aSOLMAZ HANIM KİMSESİZ OKURLAR İÇİN/S.İLERİ/EVEREST
_cSELİM İLERİ
260 _bEVEREST
999 _c690033
_d690033